| 000 | 00548nam a2200181Ia 4500 | ||
|---|---|---|---|
| 999 |
_c8016 _d8016 |
||
| 003 | OSt | ||
| 005 | 20200120145049.0 | ||
| 008 | 190216s9999||||xx |||||||||||||| ||und|| | ||
| 020 | _a9788125928416 | ||
| 040 | _coclc | ||
| 082 |
_a650.01513 _bZAM/B |
||
| 100 |
_aZameeruddin, Qazi _91357 |
||
| 245 | 0 |
_aBusiness Mathematics / _cQazi Zameeruddin ; Vijay K Khanna ; S K Bhambri |
|
| 250 | _a2nd ed. | ||
| 260 |
_bVikas Publications, _c2013. _aNoida: |
||
| 300 | _a1000p | ||
| 942 |
_cBK _2ddc _h650.01513 _iZAM/B _k650.01513 _mZAM/B |
||